Gimnasia estética masculina / (Registro nro. 13105)

Detalles MARC
000 -LIDER
fixed length control field 00745nam a22002537a 4500
003 - IDENTIFICACDOR DE NÚMERO DE CONTROL
control field DO-SdBNP
005 - DATE AND TIME OF LATEST TRANSACTION
control field 20171124160250.0
008 - ELEMENTOS DE LONGITUD FIJA
fixed length control field 171124b 1974 sp a|| 00| 0 spa d
020 ## - ISBN
International Standard Book Number 8425503620
040 ## - FUENTE DE CATALOGACIÓN
Agencia que crea de manera original el registro BPMSU
Idioma de catalogación spa
Agencia que realiza la transcripción BPMSU
082 ## - NÚMERO DE CLASIFICACIÓN DECIMAL DE DEWEY
Classification number xxxxxx
Item number xxxxxx
100 1# - ASIENTO PRINCIPAL -- NOMBRE PERSONAL
Nombre personal Pérez Carrillo, Miguel J.
245 1# - MENCIÓN DE TITULO
Título Gimnasia estética masculina /
Mención de responsabilidad Miguel J. Pérez Carrillo, Ernesto de Ceano-Vivas López
250 ## - MENCIÓN DE EDICION
Mención de edición 2a ed.
260 ## - PUBLICACIÓN, DISTRIBUCIÓN, ETC. (PIE DE IMPRENTA)
Lugar de publicación, distribución, etc España :
Nombre del editor, distribuidor, etc. Hispano Europea,
Fecha de publicación, distribución, etc 1974.
300 ## - DESCRIPCIÓN FÍSICA
Extensión 165 p. :
Otros detalles físicos il.;
Dimensiones 21 cm.
490 1# - MENCIÓN DE SERIES
Mención de serie Herakles
490 1# - MENCIÓN DE SERIES
Mención de serie C - Cultura física
830 #0 - ASIENTO SECUNDARIO DE SERIE--TÍTULO UNIFORME
Título uniforme Herakles
830 #0 - ASIENTO SECUNDARIO DE SERIE--TÍTULO UNIFORME
Título uniforme C - Cultura física
942 ## - ADDED ENTRY ELEMENTS (KOHA)
Source of classification or shelving scheme Dewey Decimal Classification
Koha item type Libros
945 ## - INFORMACIÓN DE PROCESAMIENTO LOCAL
Información de procesamiento local Inventariado extranjero / 2017 BT
956 ## - LOCAL ELECTRONIC LOCATION AND ACCESS (OCLC)
Nombre de host BTAVAREZ
Número de acceso 10
Información de compresión 20171124
Trayectoria 0038
Existencias
Withdrawn status Lost status Source of classification or shelving scheme Damaged status Not for loan Collection code Home library Current library Date acquired Source of acquisition Total Checkouts Full call number Barcode Date last seen Price effective from Koha item type
    Dewey Decimal Classification     Colección General Biblioteca Pública Metropolitana Salomé Ureña Biblioteca Pública Metropolitana Salomé Ureña 11/24/2017 FUNDI   xxxxxx xxxxxx BPMSU17110436 11/24/2017 11/24/2017 Libros